00497nam a2200133Ia 4500008004100000041000800041082001500049100001500064245006900079260003500148906001200183999001700195952015100212221007s9999 xx 000 0 und d aeng a158.1bCAN aCanfield J 4aThe Success Principles : Seven Steps to accelerate... want to be bWestland PublicationsaChennai bGeneral c61512d61512 00104070aHIMRbHIMRd2009-09-24eThe Word Book Shopg539.00i1l0o158.1 CANpHIMR-AV-1062r2022-10-07 00:00:00v539.00w2009-09-15yVCzAV1062